Φιλοσοφία και οικολογική ηθική

Αποθηκεύτηκε σε:
Λεπτομέρειες βιβλιογραφικής εγγραφής
Κύριος συγγραφέας: Σταμάτης, Κώστας Μ., 1935-
Μορφή: Βιβλίο
Γλώσσα:Greek
Δημοσίευση: Αθήνα : Νήσος, c2013.
Σειρά:Παραδόσεις ; v.33
Θέματα:
Ετικέτες: Προσθήκη ετικέτας
Δεν υπάρχουν, Καταχωρήστε ετικέτα πρώτοι!

MARC

LEADER 00000cam a2200000 i 4500
001 1/60036
008 141119s2013 gr | ||| |||| ||gre||
020 |a 9789609535663 
035 |l 10119802 
040 |a GR-MY-UA  |b gre  |e aacr 
041 0 |a gre 
082 7 |a 179.1   |2 (23) 
100 1 |a Σταμάτης, Κώστας Μ.,   |d 1935- 
245 1 0 |a Φιλοσοφία και οικολογική ηθική /   |c Κώστας Μ. Σταμάτης.  
260 |a Αθήνα :   |b Νήσος,   |c c2013.  
300 |a 291 σ. ;   |c 21 εκ.  
490 1 |a (Παραδόσεις ;   |v  vol.33)  
504 |a Περιλαμβάνει βιβλιογραφία.  
650 0 0 |a Environmental ethics. 
830 0 |a Παραδόσεις ;  |v  v.33 
852 |a INST  |b LEMNOS  |e 20141119  |h 179.1 ΣΤΑ  |p 005600001631  |q 005600001631  |t BK  |y 0 
901 |a BIBL6-2014-3 
909 |a Μ  |b 190120 
922 |a 6ΕΛΗ  |b 201407  |c ΤΑΚ/ΤΕΤΔ  |d ΙΩΑΝΝΙΔΟΥ 
970 |a ΜΟΣΧΟΒΗ  |b ΕΥΑΓΓΕΛΙΑ  |z 2014/11/19